Influence of Premarital Counseling on Marital, Satisfaction Among Married Couples in Pentecostal Churches in Turbo Sub-County, Kenya (Record no. 217106)

MARC details
000 -LEADER
fixed length control field 00694nam a22001577a 4500
008 - FIXED-LENGTH DATA ELEMENTS--GENERAL INFORMATION
fixed length control field 260512b |||||||| |||| 00| 0 eng d
050 ## - LIBRARY OF CONGRESS CALL NUMBER
Classification number THE HV 734 .G53 2025
Item number C.1
100 ## - MAIN ENTRY--PERSONAL NAME
Personal name Gichuri, Lucy
245 ## - TITLE STATEMENT
Title Influence of Premarital Counseling on Marital, Satisfaction Among Married Couples in Pentecostal Churches in Turbo Sub-County, Kenya
260 ## - PUBLICATION, DISTRIBUTION, ETC.
Place of publication, distribution, etc. Kisii
Name of publisher, distributor, etc. Kisii University
Date of publication, distribution, etc. 2025
300 ## - PHYSICAL DESCRIPTION
Extent xx, 132p.:ill.
500 ## - GENERAL NOTE
General note Includes bibliographical references
650 ## - SUBJECT ADDED ENTRY
Topical term or geographic name entry element 1. Premarital counseling - Kenya - Case studies. 2. Marriage - Kenya - Religious aspects- Pentecostal churches. 3. Marital Satisfaction - Kenya - Turbo Sub-County.
942 ## - ADDED ENTRY ELEMENTS (KOHA)
Source of classification or shelving scheme Library of Congress Classification
Koha item type Reference
Holdings
Withdrawn status Lost status Source of classification or shelving scheme Damaged status Not for loan Collection Home library Current library Date acquired Inventory number Total checkouts Full call number Barcode Date last seen Copy number Price effective from Koha item type
    Library of Congress Classification     Special Research Kisii University Library Kisii University Library 05/12/2026 113318   THE HV 734 .G53 2025 A002033 05/12/2026 C.1 05/12/2026 Reference